| 000 | 00779nam a2200181Ia 4500 | ||
|---|---|---|---|
| 008 | 151018s9999 xx 000 0 und d | ||
| 082 |
_bRBASDV47905 _a891.434 |
||
| 100 | _aसुकन पासवान प्रज्ञाचक्षु | ||
| 245 | _aसामजिक प्राणी नही है आदमी | ||
| 250 | _b1 | ||
| 260 |
_bमित्तल एंड सन्स _c2007 |
||
| 300 | _a200 | ||
| 600 | _aसुकन पासवान प्रज्ञाचक्षु | ||
| 630 | _aसामजिक प्राणी नही है आदमी | ||
| 700 | _aसुकन पासवान प्रज्ञाचक्षु | ||
| 730 | _aसामजिक प्राणी नही है आदमी | ||
| 942 | _cBOOK | ||
| 999 |
_c1047035 _d1047032 |
||